<?xml version="1.0" encoding="UTF-8"?>
<collection xmlns="http://www.loc.gov/MARC21/slim">
 <record>
  <leader>01777nam a2200217Ia 4500</leader>
  <controlfield tag="001">TDMU_16984</controlfield>
  <controlfield tag="008">210410s9999    xx            000 0 und d</controlfield>
  <datafield tag="082" ind1=" " ind2=" ">
   <subfield code="a">624.10285</subfield>
  </datafield>
  <datafield tag="090" ind1=" " ind2=" ">
   <subfield code="b">NGH304</subfield>
  </datafield>
  <datafield tag="100" ind1=" " ind2=" ">
   <subfield code="a">Nghiêm, Mạnh Hiến</subfield>
  </datafield>
  <datafield tag="245" ind1=" " ind2="0">
   <subfield code="a">Hướng dẫn sử dụng phần mềm phân tích và thiết kế kết cấu xây dựng KCW 2010 version 5.00</subfield>
  </datafield>
  <datafield tag="245" ind1=" " ind2="0">
   <subfield code="c">Nghiêm Mạnh Hiến (ch.b), Hoàng Ngọc Phong, Lê Khắc Hưng</subfield>
  </datafield>
  <datafield tag="260" ind1=" " ind2=" ">
   <subfield code="a">H.</subfield>
  </datafield>
  <datafield tag="260" ind1=" " ind2=" ">
   <subfield code="b">Xây dựng</subfield>
  </datafield>
  <datafield tag="260" ind1=" " ind2=" ">
   <subfield code="c">2011</subfield>
  </datafield>
  <datafield tag="300" ind1=" " ind2=" ">
   <subfield code="a">158tr.</subfield>
  </datafield>
  <datafield tag="520" ind1=" " ind2=" ">
   <subfield code="a">Giới thiệu khả năng chính của phần mềm trong mô hình hóa và phân tích kết cấu. Các quy ước cơ bản về hệ tọa độ, hệ thống dữ liệu của các phần tử hữu hạn và của chương trình. Giới thiệu các menu của chương trình và cách sử dụng. Xây dựng mô hình tính toán kết cấu và ví dụ. Trình bày cấu trúc tệp dữ liệu đầu vào KCW. Nội dung kết quả tính toán của phần mềm. Các khối dữ liệu chuyển đổi từ SAP2000 và ETABS. Một số ví dụ tính toán điển hình để đánh giá độ tin cậy của phần mềm.; TM tài liệu tham khảo tr.154</subfield>
  </datafield>
  <datafield tag="650" ind1=" " ind2=" ">
   <subfield code="a">Phần mềm KCW2010 5.00; Kết cấu công trình</subfield>
   <subfield code="x">Thiết kế</subfield>
   <subfield code="x">Ứng dụng công nghệ thông tin; Công nghệ thông tin</subfield>
   <subfield code="x">Lĩnh vực xây dựng</subfield>
  </datafield>
  <datafield tag="700" ind1=" " ind2=" ">
   <subfield code="a">Hoàng, Ngọc Phong</subfield>
  </datafield>
  <datafield tag="856" ind1=" " ind2=" ">
   <subfield code="u">http://lrc.tdmu.edu.vn/opac/search/detail.asp?aID=2&amp;ID=16984</subfield>
  </datafield>
  <datafield tag="980" ind1=" " ind2=" ">
   <subfield code="a">Trung tâm Học liệu Trường Đại học Thủ Dầu Một</subfield>
  </datafield>
 </record>
</collection>
